<?xml version="1.0" encoding="UTF-8"?>
<marc:record xmlns:marc="http://www.loc.gov/MARC21/slim">
   <marc:leader>00000nam a2200000 a 4500</marc:leader>
   <marc:datafield ind1="1" ind2=" " tag="100">
      <marc:subfield code="a">Siegner, Ingo</marc:subfield>
      <marc:subfield code="4">aut</marc:subfield>
      <marc:subfield code="e">Verfasser/-in</marc:subfield>
   </marc:datafield>
   <marc:datafield ind1=" " ind2=" " tag="653">
      <marc:subfield code="a">Maulwurf</marc:subfield>
   </marc:datafield>
   <marc:datafield ind1="0" ind2="0" tag="245">
      <marc:subfield code="a">Der fliegende Maulwurf</marc:subfield>
   </marc:datafield>
   <marc:datafield ind1="0" ind2="0" tag="245">
      <marc:subfield code="b">Geschichten zum Vorlesen</marc:subfield>
   </marc:datafield>
   <marc:datafield ind1="0" ind2="0" tag="245">
      <marc:subfield code="c">Ingo Siegner</marc:subfield>
   </marc:datafield>
   <marc:datafield ind1=" " ind2="1" tag="264">
      <marc:subfield code="a">Weinheim</marc:subfield>
      <marc:subfield code="b">Beltz und Gelberg</marc:subfield>
      <marc:subfield code="c">2019</marc:subfield>
   </marc:datafield>
   <marc:datafield ind1="1" ind2=" " tag="520">
      <marc:subfield code="a">Quelle: bn.bibliotheksnachrichten (http://www.biblio.at/literatur/bn/index.html); #Autor: Sabine Eidenberger; #Eine Sammlung von kurzen Geschichten, Comics und Gedichten. (ab 4) (JE)#In diesem Buch sind kurze Vorlesegeschichten, Comics zum Anschauen, Gedichte und auch eine längere Geschichte vom Weihnachtsmann von Ingo Siegner, dem Erfinder des Drachen Kokosnuss, versammelt.#Vieles davon ist aus seinen anderen Büchern bereits bekannt. Am meisten enttäuscht aber, dass das auf dem Titel versprochene "Neue Abenteuer von Eliot und Isabella" nur ein paar Seiten ausmacht. Es handelt sich nicht einmal, wie nach der Ankündigung wohl zu erwarten, um eine eigenständige Kurzgeschichte, sondern nur um einen Auszug aus dem ersten Kapitel des vierten Bandes. Wer die neue Geschichte um die beiden bekannten Rattenkinder ganz lesen will, muss also ein anderes Buch kaufen.#Es wirkt so, als hätte man eben auf die Schnelle ein neues Buch von Siegner veröffentlichen wollen. Bedingt empfehlenswert.</marc:subfield>
   </marc:datafield>
   <marc:datafield ind1=" " ind2=" " tag="020">
      <marc:subfield code="a">9783407754608</marc:subfield>
      <marc:subfield code="9">9783407754608</marc:subfield>
   </marc:datafield>
   <marc:datafield ind1=" " ind2=" " tag="041">
      <marc:subfield code="a">ger</marc:subfield>
   </marc:datafield>
   <marc:datafield ind1=" " ind2=" " tag="300">
      <marc:subfield code="a">154 S.</marc:subfield>
   </marc:datafield>
</marc:record>
